000 00323nam a22001457a 4500
020 _a81-224-1814-7
041 _aENG
100 _aAgarwal.B.L
245 _aBasic Statistics
250 _a4th Edition
260 _aNew Delhi
_bNew Age International
_c2007
300 _a763
650 _aStatistics
856 _uM.Tech ( 7 )
999 _c1078
_d1078